[Event "ODJM C 2025"]
[Site "Willingen GER"]
[Date "2025.06.08"]
[Round "2"]
[White "Schöning, Leopold"]
[Black "Lao, Theodora Siyuan"]
[Result "1/2-1/2"]
[Termination "normal"]
[Board "5"]
[WhiteElo "1525"]
[BlackElo "1587"]
[WhiteClock "00:31:39"]
[BlackClock "01:12:54"]
[PlyCount "115"]
[WhiteFideId "34678964"]
[BlackFideId "34667547"]
[EventCountry "GER"]
[EventRounds "9"]
[EventType "swiss"]
[EventDate "2025.06.07"]

1. e4 {[%clk 01:30:04]} {[%emt 00:00:55]} e5 {[%clk 01:30:49]} {[%emt
00:00:18]} 2. Nf3 {[%clk 01:30:10]} {[%emt 00:00:17]} Nc6 {[%clk 01:31:01]}
{[%emt 00:00:17]} 3. Bc4 {[%clk 01:30:11]} {[%emt 00:00:30]} Nf6 {[%clk
01:31:20]} {[%emt 00:00:11]} 4. d3 {[%clk 01:29:58]} {[%emt 00:00:43]} Bc5
{[%clk 01:31:10]} {[%emt 00:00:35]} 5. c3 {[%clk 01:29:28]} {[%emt 00:01:05]}
d6 {[%clk 01:31:06]} {[%emt 00:00:34]} 6. Bb3 {[%clk 01:28:57]} {[%emt
00:01:00]} Be6 {[%clk 01:31:04]} {[%emt 00:00:32]} 7. Bc2 {[%clk 01:28:16]}
{[%emt 00:01:11]} Bg4 {[%clk 01:30:15]} {[%emt 00:01:19]} 8. O-O {[%clk
01:17:41]} {[%emt 00:11:04]} O-O {[%clk 01:28:39]} {[%emt 00:02:08]} 9. h3
{[%clk 01:17:04]} {[%emt 00:01:05]} Bh5 {[%clk 01:28:23]} {[%emt 00:00:44]} 10.
Be3 {[%clk 01:14:02]} {[%emt 00:03:34]} Bb6 {[%clk 01:28:44]} {[%emt 00:00:08]}
11. Nbd2 {[%clk 01:12:52]} {[%emt 00:01:43]} d5 {[%clk 01:28:32]} {[%emt
00:00:42]} 12. exd5 {[%clk 01:00:26]} {[%emt 00:12:56]} Nxd5 {[%clk 01:28:12]}
{[%emt 00:00:48]} 13. Bxb6 {[%clk 01:00:34]} {[%emt 00:00:23]} axb6 {[%clk
01:28:15]} {[%emt 00:00:28]} 14. Re1 {[%clk 00:58:22]} {[%emt 00:02:40]} Re8
{[%clk 01:28:30]} {[%emt 00:00:16]} 15. Ne4 {[%clk 00:57:12]} {[%emt 00:01:40]}
h6 {[%clk 01:26:22]} {[%emt 00:02:39]} 16. Ng3 {[%clk 00:57:04]} {[%emt
00:00:36]} Bg6 {[%clk 01:25:57]} {[%emt 00:00:55]} 17. Ba4 {[%clk 00:47:59]}
{[%emt 00:09:36]} Qf6 {[%clk 01:24:22]} {[%emt 00:02:01]} 18. Ne4 {[%clk
00:46:06]} {[%emt 00:02:27]} Bxe4 {[%clk 01:24:11]} {[%emt 00:00:42]} 19. dxe4
{[%clk 00:46:17]} {[%emt 00:00:18]} Nf4 {[%clk 01:23:57]} {[%emt 00:00:44]} 20.
Bxc6 {[%clk 00:44:38]} {[%emt 00:02:10]} bxc6 {[%clk 01:23:56]} {[%emt
00:00:31]} 21. Kh2 {[%clk 00:44:12]} {[%emt 00:00:53]} Rad8 {[%clk 01:23:12]}
{[%emt 00:01:15]} 22. Qc2 {[%clk 00:43:41]} {[%emt 00:01:02]} Nd3 {[%clk
01:22:24]} {[%emt 00:01:17]} 23. Red1 {[%clk 00:42:59]} {[%emt 00:01:11]} Qf4+
{[%clk 01:22:19]} {[%emt 00:00:32]} 24. Kh1 {[%clk 00:43:13]} {[%emt 00:00:21]}
Nc5 {[%clk 01:19:54]} {[%emt 00:02:51]} 25. Rxd8 {[%clk 00:37:27]} {[%emt
00:06:21]} Rxd8 {[%clk 01:19:31]} {[%emt 00:00:53]} 26. Re1 {[%clk 00:37:39]}
{[%emt 00:00:16]} Nd3 {[%clk 01:18:59]} {[%emt 00:01:04]} 27. Re3 {[%clk
00:37:30]} {[%emt 00:00:38]} Nc5 {[%clk 01:18:06]} {[%emt 00:01:23]} 28. g3
{[%clk 00:37:06]} {[%emt 00:00:55]} Qf6 {[%clk 01:17:34]} {[%emt 00:00:50]} 29.
Nh4 {[%clk 00:36:14]} {[%emt 00:01:32]} Qe6 {[%clk 01:15:40]} {[%emt 00:02:21]}
30. Nf5 {[%clk 00:36:16]} {[%emt 00:00:30]} Nb7 {[%clk 01:13:34]} {[%emt
00:02:36]} 31. Kg2 {[%clk 00:35:16]} {[%emt 00:01:29]} Nd6 {[%clk 01:13:05]}
{[%emt 00:01:02]} 32. Nxd6 {[%clk 00:35:24]} {[%emt 00:00:22]} cxd6 {[%clk
01:13:20]} {[%emt 00:00:14]} 33. Qa4 {[%clk 00:34:15]} {[%emt 00:01:40]} d5
{[%clk 01:13:24]} {[%emt 00:00:27]} 34. exd5 {[%clk 00:34:26]} {[%emt
00:00:19]} Qxd5+ {[%clk 01:12:44]} {[%emt 00:01:10]} 35. Qe4 {[%clk 00:34:15]}
{[%emt 00:00:41]} Qxe4+ {[%clk 01:12:57]} {[%emt 00:00:17]} 36. Rxe4 {[%clk
00:34:31]} {[%emt 00:00:14]} Rd2 {[%clk 01:12:07]} {[%emt 00:01:20]} 37. Rb4
{[%clk 00:32:28]} {[%emt 00:02:32]} b5 {[%clk 01:11:56]} {[%emt 00:00:41]} 38.
Kf3 {[%clk 00:30:42]} {[%emt 00:02:16]} f5 {[%clk 01:11:42]} {[%emt 00:01:56]}
39. Ke3 {[%clk 00:30:34]} {[%emt 00:00:37]} Rd8 {[%clk 01:11:28]} {[%emt
00:00:42]} 40. a4 {[%clk 00:30:06]} {[%emt 00:01:01]} bxa4 {[%clk 01:11:33]}
{[%emt 00:00:24]} 41. Rxa4 {[%clk 00:30:27]} {[%emt 00:00:10]} Kf7 {[%clk
01:11:28]} {[%emt 00:00:34]} 42. Rc4 {[%clk 00:30:42]} {[%emt 00:00:14]} Rd6
{[%clk 01:11:28]} {[%emt 00:00:30]} 43. Rc5 {[%clk 00:30:50]} {[%emt 00:00:24]}
Ke6 {[%clk 01:11:37]} {[%emt 00:00:18]} 44. c4 {[%clk 00:29:48]} {[%emt
00:01:33]} g5 {[%clk 01:11:28]} {[%emt 00:00:40]} 45. b4 {[%clk 00:29:45]}
{[%emt 00:00:33]} f4+ {[%clk 01:11:28]} {[%emt 00:00:29]} 46. gxf4 {[%clk
00:29:27]} {[%emt 00:00:49]} exf4+ {[%clk 01:11:44]} {[%emt 00:00:15]} 47. Ke2
{[%clk 00:29:26]} {[%emt 00:00:30]} Kf6 {[%clk 01:11:33]} {[%emt 00:00:38]} 48.
b5 {[%clk 00:29:47]} {[%emt 00:00:12]} cxb5 {[%clk 01:11:37]} {[%emt 00:00:27]}
49. cxb5 {[%clk 00:30:09]} {[%emt 00:00:08]} Ke6 {[%clk 01:11:24]} {[%emt
00:00:42]} 50. Rc6 {[%clk 00:30:14]} {[%emt 00:00:25]} Rxc6 {[%clk 01:11:47]}
{[%emt 00:00:07]} 51. bxc6 {[%clk 00:30:35]} {[%emt 00:00:09]} Kd6 {[%clk
01:12:13]} {[%emt 00:00:05]} 52. Kf3 {[%clk 00:30:50]} {[%emt 00:00:14]} Kxc6
{[%clk 01:12:33]} {[%emt 00:00:11]} 53. h4 {[%clk 00:30:47]} {[%emt 00:00:33]}
Kd5 {[%clk 01:12:10]} {[%emt 00:00:52]} 54. hxg5 {[%clk 00:31:04]} {[%emt
00:00:13]} hxg5 {[%clk 01:12:30]} {[%emt 00:00:10]} 55. Kg4 {[%clk 00:31:17]}
{[%emt 00:00:17]} Ke4 {[%clk 01:12:38]} {[%emt 00:00:22]} 56. Kxg5 {[%clk
00:31:15]} {[%emt 00:00:32]} Kf3 {[%clk 01:12:40]} {[%emt 00:00:28]} 57. Kf5
{[%clk 00:31:39]} {[%emt 00:00:07]} Kxf2 {[%clk 01:12:54]} {[%emt 00:00:16]}
58. Kxf4 {[%emt 00:00:06]} 1/2-1/2

[Event "ODJM C 2025"]
[Site "Willingen GER"]
[Date "2025.06.08"]
[Round "2"]
[White "Kudinov, Mykhailo"]
[Black "Özkurt, Alper"]
[Result "0-1"]
[Termination "normal"]
[Board "6"]
[WhiteElo "1139"]
[BlackElo "1523"]
[WhiteClock "01:24:41"]
[BlackClock "00:20:40"]
[PlyCount "160"]
[WhiteFideId "533034176"]
[BlackFideId "34655190"]
[EventCountry "GER"]
[EventRounds "9"]
[EventType "swiss"]
[EventDate "2025.06.07"]

1. e4 {[%clk 01:30:59]} {[%emt 00:32:49]} e6 {[%clk 01:30:38]} {[%emt
00:00:22]} 2. d4 {[%clk 01:31:21]} {[%emt 00:00:07]} d5 {[%clk 01:31:05]}
{[%emt 00:00:04]} 3. e5 {[%clk 01:31:43]} {[%emt 00:00:08]} c5 {[%clk
01:31:33]} {[%emt 00:00:02]} 4. c3 {[%clk 01:32:02]} {[%emt 00:00:10]} Nc6
{[%clk 01:32:01]} {[%emt 00:00:03]} 5. Bb5 {[%clk 01:32:09]} {[%emt 00:00:22]}
cxd4 {[%clk 01:31:06]} {[%emt 00:01:19]} 6. Bxc6+ {[%clk 01:32:16]} {[%emt
00:00:29]} bxc6 {[%clk 01:31:29]} {[%emt 00:00:08]} 7. cxd4 {[%clk 01:32:39]}
{[%emt 00:00:06]} Bb4+ {[%clk 01:31:01]} {[%emt 00:00:58]} 8. Bd2 {[%clk
01:32:30]} {[%emt 00:00:39]} Bxd2+ {[%clk 01:30:04]} {[%emt 00:01:27]} 9. Qxd2
{[%clk 01:32:52]} {[%emt 00:00:09]} Ne7 {[%clk 01:28:14]} {[%emt 00:02:19]} 10.
Nf3 {[%clk 01:32:51]} {[%emt 00:00:32]} O-O {[%clk 01:25:26]} {[%emt 00:03:17]}
11. O-O {[%clk 01:31:32]} {[%emt 00:01:50]} h6 {[%clk 01:24:56]} {[%emt
00:00:59]} 12. Nc3 {[%clk 01:31:46]} {[%emt 00:00:16]} Ba6 {[%clk 01:24:45]}
{[%emt 00:00:41]} 13. Rfe1 {[%clk 01:32:09]} {[%emt 00:00:08]} Qb6 {[%clk
01:22:15]} {[%emt 00:03:00]} 14. Na4 {[%clk 01:31:39]} {[%emt 00:01:00]} Qc7
{[%clk 01:20:58]} {[%emt 00:01:46]} 15. Nc5 {[%emt 00:02:42]} Bc8 {[%clk
01:18:23]} {[%emt 00:02:13]} 16. Rab1 {[%clk 01:27:42]} {[%emt 00:03:08]} Ng6
{[%clk 01:07:26]} {[%emt 00:11:26]} 17. Rec1 {[%clk 01:26:40]} {[%emt
00:01:32]} a6 {[%clk 01:01:56]} {[%emt 00:06:01]} 18. b4 {[%clk 01:26:05]}
{[%emt 00:01:04]} Qd8 {[%clk 00:53:09]} {[%emt 00:06:57]} 19. a4 {[%clk
01:25:12]} Rb8 {[%clk 00:45:36]} 20. h3 Nh4 {[%clk 00:44:18]} {[%emt 00:15:53]}
21. Qd3 Nxf3+ {[%clk 00:43:03]} {[%emt 00:01:55]} 22. Qxf3 Qg5 {[%emt
00:01:48]} 23. Rc2 {[%clk 01:22:02]} {[%emt 00:01:23]} Qg6 {[%clk 00:43:09]}
{[%emt 00:00:24]} 24. Rcc1 {[%emt 00:00:12]} a5 {[%clk 00:39:54]} {[%emt
00:01:14]} 25. b5 {[%clk 01:20:42]} cxb5 26. Rxb5 {[%clk 01:21:03]} {[%emt
00:06:58]} Rxb5 27. axb5 {[%emt 00:02:03]} Qg5 {[%emt 00:00:12]} 28. Ra1 {[%emt
00:00:48]} Qd2 {[%emt 00:00:29]} 29. Qd1 {[%emt 00:06:02]} Qb4 {[%clk
00:32:12]} 30. Rb1 {[%emt 00:03:28]} Qc4 {[%emt 00:00:12]} 31. Qd3 {[%clk
01:22:31]} {[%emt 00:00:46]} Qxd3 32. Nxd3 {[%emt 00:02:32]} Bd7 {[%emt
00:00:12]} 33. Nc5 {[%emt 00:00:50]} Rd8 {[%emt 00:00:21]} 34. b6 {[%emt
00:04:34]} Bc6 {[%emt 00:01:05]} 35. b7 {[%emt 00:00:18]} Rb8 {[%emt 00:00:07]}
36. Ra1 {[%clk 01:22:34]} {[%emt 00:00:12]} Bxb7 {[%emt 00:01:51]} 37. Rb1
{[%emt 00:03:24]} a4 {[%clk 00:20:21]} {[%emt 00:00:02]} 38. Rxb7 {[%clk
01:22:26]} {[%emt 00:00:06]} Rxb7 {[%clk 00:18:55]} 39. Nxb7 {[%clk 01:22:45]}
{[%emt 00:02:06]} Kf8 {[%clk 00:19:16]} 40. Nc5 {[%clk 01:22:45]} a3 {[%clk
00:19:16]} 41. Nb3 {[%clk 01:22:45]} Ke7 {[%clk 00:19:16]} 42. Kf1 {[%clk
01:22:45]} Kd7 {[%clk 00:19:16]} 43. Ke1 {[%clk 01:22:45]} Kc6 {[%clk
00:19:16]} 44. Kd1 {[%clk 01:22:45]} Kb5 {[%clk 00:19:16]} 45. Kc2 {[%clk
01:22:45]} Kc4 {[%clk 00:19:16]} 46. f4 {[%clk 01:22:45]} h5 {[%clk 00:19:16]}
47. g4 {[%clk 01:22:45]} h4 {[%clk 00:19:16]} 48. f5 {[%clk 01:22:45]} a2
{[%clk 00:19:16]} 49. fxe6 {[%clk 01:24:41]} fxe6 {[%clk 00:20:40]} 50. g5
{[%clk 01:24:41]} a1=Q {[%clk 00:20:40]} 51. Nxa1 {[%clk 01:24:41]} Kxd4 {[%clk
00:20:40]} 52. Nb3+ {[%clk 01:24:41]} Kxe5 {[%clk 00:20:40]} 53. Nd2 {[%clk
01:24:41]} g6 {[%clk 00:20:40]} 54. Nf3+ {[%clk 01:24:41]} Kf4 {[%clk
00:20:40]} 55. Nxh4 {[%clk 01:24:41]} Kxg5 {[%clk 00:20:40]} 56. Nf3+ {[%clk
01:24:41]} Kf4 {[%clk 00:20:40]} 57. Nd4 {[%clk 01:24:41]} e5 {[%clk 00:20:40]}
58. Ne6+ {[%clk 01:24:41]} Kg3 {[%clk 00:20:40]} 59. Kd3 {[%clk 01:24:41]} Kxh3
{[%clk 00:20:40]} 60. Nd4 {[%clk 01:24:41]} exd4 {[%clk 00:20:40]} 61. Kxd4
{[%clk 01:24:41]} g5 {[%clk 00:20:40]} 62. Kxd5 {[%clk 01:24:41]} g4 {[%clk
00:20:40]} 63. Ke4 {[%clk 01:24:41]} g3 {[%clk 00:20:40]} 64. Kd4 {[%clk
01:24:41]} g2 {[%clk 00:20:40]} 65. Ke4 {[%clk 01:24:41]} g1=Q {[%clk
00:20:40]} 66. Kd5 {[%clk 01:24:41]} Qe3 {[%clk 00:20:40]} 67. Kd6 {[%clk
01:24:41]} Qe4 {[%clk 00:20:40]} 68. Kc5 {[%clk 01:24:41]} Qd3 {[%clk
00:20:40]} 69. Kc6 {[%clk 01:24:41]} Qd4 {[%clk 00:20:40]} 70. Kb5 {[%clk
01:24:41]} Qc3 {[%clk 00:20:40]} 71. Kb6 {[%clk 01:24:41]} Qc4 {[%clk
00:20:40]} 72. Ka5 {[%clk 01:24:41]} Qb3 {[%clk 00:20:40]} 73. Ka6 {[%clk
01:24:41]} Qb4 {[%clk 00:20:40]} 74. Ka7 {[%clk 01:24:41]} Qb5 {[%clk
00:20:40]} 75. Ka8 {[%clk 01:24:41]} Kg4 {[%clk 00:20:40]} 76. Ka7 {[%clk
01:24:41]} Kf5 {[%clk 00:20:40]} 77. Ka8 {[%clk 01:24:41]} Ke6 {[%clk
00:20:40]} 78. Ka7 {[%clk 01:24:41]} Kd7 {[%clk 00:20:40]} 79. Ka8 {[%clk
01:24:41]} Kc7 {[%clk 00:20:40]} 80. Ka7 {[%clk 01:24:41]} Qb7# {[%clk
00:20:40]} 0-1

[Event "ODJM C 2025"]
[Site "Willingen GER"]
[Date "2025.06.08"]
[Round "2"]
[White "Bathmann, Severin"]
[Black "Prokscha, Marlene"]
[Result "0-1"]
[Termination "normal"]
[Board "7"]
[WhiteElo "1107"]
[BlackElo "1560"]
[WhiteClock "01:02:51"]
[BlackClock "00:47:35"]
[PlyCount "110"]
[WhiteFideId "34697276"]
[BlackFideId "34631291"]
[EventCountry "GER"]
[EventRounds "9"]
[EventType "swiss"]
[EventDate "2025.06.07"]

1. e4 {[%clk 01:30:56]} {[%emt 00:00:03]} e6 {[%clk 01:30:53]} {[%emt
00:00:07]} 2. e5 {[%clk 01:31:12]} {[%emt 00:00:15]} d5 {[%clk 01:30:28]}
{[%emt 00:00:54]} 3. exd6 {[%clk 01:31:28]} {[%emt 00:00:15]} Bxd6 {[%clk
01:26:10]} {[%emt 00:04:47]} 4. d4 {[%clk 01:31:31]} {[%emt 00:00:26]} Nc6
{[%clk 01:25:40]} {[%emt 00:01:02]} 5. Nf3 {[%clk 01:30:12]} {[%emt 00:01:49]}
Nf6 {[%clk 01:25:00]} {[%emt 00:01:10]} 6. Nc3 {[%clk 01:30:00]} {[%emt
00:00:42]} O-O {[%clk 01:24:49]} {[%emt 00:00:41]} 7. a3 {[%clk 01:29:41]}
{[%emt 00:00:49]} b6 {[%clk 01:22:36]} {[%emt 00:02:43]} 8. Be3 {[%clk
01:29:12]} {[%emt 00:00:59]} Bb7 {[%clk 01:20:29]} {[%emt 00:02:36]} 9. Bd3
{[%clk 01:29:06]} {[%emt 00:00:37]} h6 {[%clk 01:17:19]} {[%emt 00:03:40]} 10.
Ne4 {[%clk 01:27:34]} {[%emt 00:02:01]} Nxe4 {[%clk 01:08:29]} {[%emt
00:09:19]} 11. Bxe4 {[%clk 01:27:52]} {[%emt 00:00:12]} Na5 {[%clk 01:07:30]}
{[%emt 00:01:29]} 12. d5 {[%clk 01:27:42]} {[%emt 00:00:40]} exd5 {[%clk
01:07:16]} {[%emt 00:00:45]} 13. Bxd5 {[%clk 01:28:01]} {[%emt 00:00:11]} Bxd5
{[%clk 01:07:28]} {[%emt 00:00:17]} 14. Qxd5 {[%clk 01:28:20]} {[%emt
00:00:11]} Bb4+ {[%clk 01:07:21]} {[%emt 00:00:38]} 15. axb4 {[%clk 01:27:58]}
{[%emt 00:00:52]} Qxd5 {[%clk 01:07:36]} {[%emt 00:00:14]} 16. bxa5 {[%clk
01:28:18]} {[%emt 00:00:12]} Rfe8 {[%clk 01:06:50]} {[%emt 00:01:14]} 17. O-O
{[%clk 01:28:30]} {[%emt 00:00:19]} Rad8 {[%clk 01:03:51]} {[%emt 00:03:28]}
18. axb6 {[%clk 01:28:00]} {[%emt 00:01:00]} axb6 {[%clk 01:04:02]} {[%emt
00:00:20]} 19. h3 {[%clk 01:28:18]} {[%emt 00:00:11]} Ra8 {[%clk 01:03:57]}
{[%emt 00:00:36]} 20. Rad1 {[%clk 01:28:30]} {[%emt 00:00:18]} Qc6 {[%clk
01:03:46]} {[%emt 00:00:40]} 21. Nd4 {[%clk 01:27:40]} {[%emt 00:01:20]} Qg6
{[%clk 01:00:58]} {[%emt 00:03:19]} 22. Bf4 {[%clk 01:27:06]} {[%emt 00:01:04]}
Rac8 {[%clk 00:58:11]} {[%emt 00:03:17]} 23. Nb5 {[%clk 01:26:36]} {[%emt
00:01:00]} Qf5 {[%clk 00:54:29]} {[%emt 00:04:11]} 24. Nxc7 {[%clk 01:25:53]}
{[%emt 00:01:14]} Qxf4 {[%clk 00:54:43]} {[%emt 00:00:16]} 25. Nxe8 {[%clk
01:26:04]} {[%emt 00:00:19]} Rxe8 {[%clk 00:55:09]} {[%emt 00:00:03]} 26. g3
{[%clk 01:26:02]} {[%emt 00:00:32]} Qf5 {[%clk 00:54:40]} {[%emt 00:00:59]} 27.
Kh2 {[%clk 01:25:21]} {[%emt 00:01:11]} Qxc2 {[%clk 00:54:16]} {[%emt
00:00:54]} 28. Rb1 {[%clk 01:25:08]} {[%emt 00:00:44]} Re2 {[%clk 00:53:57]}
{[%emt 00:00:49]} 29. Kg2 {[%clk 01:14:21]} {[%emt 00:11:17]} Qe4+ {[%clk
00:53:09]} {[%emt 00:01:17]} 30. Kg1 {[%clk 01:14:18]} {[%emt 00:00:33]} Qd4
{[%clk 00:53:26]} {[%emt 00:00:14]} 31. b3 {[%clk 01:12:53]} {[%emt 00:01:56]}
Rb2 {[%clk 00:53:45]} {[%emt 00:00:09]} 32. Rbd1 {[%clk 01:12:47]} {[%emt
00:00:37]} Qc5 {[%clk 00:53:25]} {[%emt 00:00:50]} 33. Rd8+ {[%clk 01:11:52]}
{[%emt 00:01:25]} Kh7 {[%clk 00:53:43]} {[%emt 00:00:11]} 34. Rd3 {[%clk
01:11:16]} {[%emt 00:01:06]} Qb5 {[%clk 00:53:11]} {[%emt 00:01:01]} 35. Rf3
{[%clk 01:09:26]} {[%emt 00:02:21]} f6 {[%clk 00:53:29]} {[%emt 00:00:12]} 36.
h4 {[%clk 01:09:37]} {[%emt 00:00:19]} Rxb3 {[%clk 00:53:52]} {[%emt 00:00:08]}
37. Rf4 {[%clk 01:09:49]} {[%emt 00:00:17]} Rb1 {[%clk 00:54:10]} {[%emt
00:00:13]} 38. Rxb1 {[%clk 01:09:38]} {[%emt 00:00:41]} Qxb1+ {[%clk 00:54:34]}
{[%emt 00:00:05]} 39. Kg2 {[%clk 01:10:01]} {[%emt 00:00:07]} b5 {[%clk
00:54:54]} {[%emt 00:00:11]} 40. g4 {[%clk 01:10:25]} {[%emt 00:00:06]} b4
{[%clk 00:55:05]} {[%emt 00:00:19]} 41. g5 {[%clk 01:09:55]} {[%emt 00:00:59]}
fxg5 {[%clk 00:55:16]} {[%emt 00:00:20]} 42. hxg5 {[%clk 01:10:19]} {[%emt
00:00:06]} Qg6 {[%clk 00:55:32]} {[%emt 00:00:13]} 43. Rxb4 {[%clk 01:10:02]}
{[%emt 00:00:48]} Qxg5+ {[%clk 00:55:56]} {[%emt 00:00:06]} 44. Kf1 {[%clk
01:10:14]} {[%emt 00:00:18]} Qc1+ {[%clk 00:55:10]} {[%emt 00:01:16]} 45. Kg2
{[%clk 01:10:35]} {[%emt 00:00:09]} h5 {[%clk 00:54:43]} {[%emt 00:00:57]} 46.
Rh4 {[%clk 01:08:52]} {[%emt 00:02:13]} Qg5+ {[%clk 00:52:10]} {[%emt
00:03:02]} 47. Kh3 {[%clk 01:08:10]} {[%emt 00:01:12]} Qf5+ {[%clk 00:52:12]}
{[%emt 00:00:28]} 48. Kg3 {[%clk 01:08:06]} {[%emt 00:00:35]} Kh6 {[%clk
00:52:03]} {[%emt 00:00:38]} 49. Rf4 {[%clk 01:07:35]} {[%emt 00:01:02]} Qe5
{[%clk 00:49:31]} {[%emt 00:03:02]} 50. Kf3 {[%clk 01:07:00]} {[%emt 00:01:05]}
g6 {[%clk 00:49:12]} {[%emt 00:00:49]} 51. Re4 {[%clk 01:05:13]} {[%emt
00:02:18]} Qg5 {[%clk 00:47:15]} {[%emt 00:02:26]} 52. Rf4 {[%clk 01:04:37]}
{[%emt 00:01:06]} h4 {[%clk 00:47:06]} {[%emt 00:00:39]} 53. Rg4 {[%clk
01:04:40]} {[%emt 00:00:26]} Qh5 {[%clk 00:46:53]} {[%emt 00:00:30]} 54. Kg2
{[%clk 01:02:28]} {[%emt 00:02:55]} Qxg4+ {[%clk 00:47:15]} {[%emt 00:00:09]}
55. Kh2 {[%clk 01:02:51]} {[%emt 00:00:07]} h3 {[%clk 00:47:35]} {[%emt
00:00:09]} 0-1

[Event "ODJM C 2025"]
[Site "Willingen GER"]
[Date "2025.06.08"]
[Round "2"]
[White "Bathmann, Sanaa Maria"]
[Black "Lange, Lene Marie"]
[Result "0-1"]
[Termination "normal"]
[Board "8"]
[WhiteElo "1105"]
[BlackElo "1547"]
[WhiteClock "01:19:23"]
[BlackClock "00:46:59"]
[PlyCount "98"]
[WhiteFideId "34697322"]
[BlackFideId "34639748"]
[EventCountry "GER"]
[EventRounds "9"]
[EventType "swiss"]
[EventDate "2025.06.07"]

1. e4 {[%clk 01:30:58]} {[%emt 00:00:02]} e5 {[%clk 01:30:51]} {[%emt
00:00:14]} 2. Nf3 {[%clk 01:31:22]} Nf6 {[%clk 01:31:00]} {[%emt 00:00:20]} 3.
Nc3 {[%clk 01:31:39]} {[%emt 00:00:12]} Bb4 {[%clk 01:31:01]} {[%emt 00:00:29]}
4. d4 {[%clk 01:31:13]} {[%emt 00:00:58]} Nxe4 {[%clk 01:29:48]} {[%emt
00:01:42]} 5. Qd3 {[%clk 01:31:11]} {[%emt 00:00:32]} d5 {[%clk 01:25:36]}
{[%emt 00:04:41]} 6. a3 {[%clk 01:31:00]} {[%emt 00:00:42]} Bxc3+ {[%clk
01:23:07]} {[%emt 00:02:59]} 7. bxc3 {[%clk 01:31:10]} {[%emt 00:00:19]} exd4
{[%clk 01:21:03]} {[%emt 00:02:35]} 8. Qxd4 {[%clk 01:31:18]} {[%emt 00:00:20]}
Nf6 {[%clk 01:17:08]} {[%emt 00:04:26]} 9. Bd3 {[%clk 01:30:50]} {[%emt
00:00:58]} O-O {[%clk 01:15:47]} {[%emt 00:01:51]} 10. O-O {[%clk 01:31:14]}
{[%emt 00:00:07]} Bg4 {[%clk 01:10:56]} {[%emt 00:05:21]} 11. Bg5 {[%clk
01:31:02]} {[%emt 00:00:42]} Nc6 {[%clk 01:06:24]} {[%emt 00:05:02]} 12. Qf4
{[%clk 01:30:39]} {[%emt 00:00:41]} Qd6 {[%clk 01:03:28]} {[%emt 00:03:37]} 13.
Qxd6 {[%clk 01:29:43]} {[%emt 00:01:26]} cxd6 {[%clk 01:02:52]} {[%emt
00:01:07]} 14. Nd4 {[%clk 01:29:48]} {[%emt 00:00:24]} Rac8 {[%clk 00:59:59]}
{[%emt 00:03:24]} 15. Ne2 {[%clk 01:24:05]} {[%emt 00:06:11]} Ne5 {[%clk
00:57:28]} {[%emt 00:03:02]} 16. f3 {[%clk 01:22:24]} {[%emt 00:02:11]} Nxd3
{[%clk 00:56:43]} {[%emt 00:01:14]} 17. cxd3 {[%clk 01:22:40]} {[%emt
00:00:16]} Bf5 {[%clk 00:56:30]} {[%emt 00:00:42]} 18. Rad1 {[%clk 01:22:13]}
{[%emt 00:00:56]} Rc5 {[%clk 00:52:11]} {[%emt 00:04:50]} 19. Nd4 {[%clk
01:21:53]} {[%emt 00:00:50]} Bg6 {[%clk 00:52:17]} {[%emt 00:00:25]} 20. c4
{[%clk 01:21:32]} {[%emt 00:00:51]} dxc4 {[%clk 00:51:20]} {[%emt 00:01:27]}
21. Bxf6 {[%clk 01:21:38]} {[%emt 00:00:25]} gxf6 {[%clk 00:51:37]} {[%emt
00:00:12]} 22. dxc4 {[%clk 01:21:46]} {[%emt 00:00:21]} d5 {[%clk 00:49:54]}
{[%emt 00:02:14]} 23. cxd5 {[%clk 01:20:50]} {[%emt 00:01:26]} Rxd5 {[%clk
00:49:45]} {[%emt 00:00:39]} 24. Ne2 {[%clk 01:19:44]} {[%emt 00:01:34]} Ra5
{[%clk 00:49:27]} {[%emt 00:00:50]} 25. Rd7 {[%clk 01:19:55]} {[%emt 00:00:19]}
b6 {[%clk 00:48:59]} {[%emt 00:00:58]} 26. Nf4 {[%clk 01:19:58]} {[%emt
00:00:25]} Rxa3 {[%clk 00:48:39]} {[%emt 00:00:52]} 27. Nxg6 {[%clk 01:19:58]}
{[%emt 00:00:30]} fxg6 {[%clk 00:48:44]} {[%emt 00:00:24]} 28. Re1 {[%clk
01:20:17]} {[%emt 00:00:10]} Rf7 {[%clk 00:48:46]} {[%emt 00:00:29]} 29. Ree7
{[%clk 01:18:24]} {[%emt 00:02:23]} Rxe7 {[%clk 00:48:34]} {[%emt 00:00:42]}
30. Rxe7 {[%clk 01:18:19]} {[%emt 00:00:36]} b5 {[%clk 00:46:18]} {[%emt
00:02:46]} 31. Rb7 {[%clk 01:18:10]} {[%emt 00:00:39]} a6 {[%clk 00:45:47]}
{[%emt 00:01:01]} 32. Rb6 {[%clk 01:18:16]} {[%emt 00:00:24]} Kf7 {[%clk
00:45:59]} {[%emt 00:00:18]} 33. Kf2 {[%clk 01:18:09]} {[%emt 00:00:36]} Ra2+
{[%clk 00:45:59]} {[%emt 00:00:30]} 34. Kg3 {[%clk 01:18:25]} {[%emt 00:00:15]}
Ra4 {[%clk 00:45:48]} {[%emt 00:00:41]} 35. Kh3 {[%clk 01:18:04]} {[%emt
00:00:50]} b4 {[%clk 00:45:50]} {[%emt 00:00:28]} 36. f4 {[%clk 01:17:41]}
{[%emt 00:00:53]} Ra3+ {[%clk 00:45:41]} {[%emt 00:00:40]} 37. g3 {[%clk
01:18:05]} {[%emt 00:00:06]} a5 {[%clk 00:45:51]} {[%emt 00:00:20]} 38. Rb7+
{[%clk 01:18:21]} {[%emt 00:00:13]} Kg8 {[%clk 00:45:45]} {[%emt 00:00:36]} 39.
Kh4 {[%clk 01:18:08]} {[%emt 00:00:43]} Ra2 {[%clk 00:45:30]} {[%emt 00:00:45]}
40. h3 {[%clk 01:18:32]} {[%emt 00:00:06]} Rb2 {[%clk 00:45:02]} {[%emt
00:00:59]} 41. g4 {[%clk 01:18:42]} {[%emt 00:00:20]} a4 {[%clk 00:45:16]}
{[%emt 00:00:17]} 42. Rb8+ {[%clk 01:18:58]} {[%emt 00:00:13]} Kf7 {[%clk
00:45:36]} {[%emt 00:00:10]} 43. Rb7+ {[%clk 01:19:22]} {[%emt 00:00:06]} Ke6
{[%clk 00:45:56]} {[%emt 00:00:09]} 44. Rb6+ {[%clk 01:19:35]} {[%emt
00:00:18]} Kd5 {[%clk 00:45:59]} {[%emt 00:00:27]} 45. Rxf6 {[%clk 01:19:54]}
{[%emt 00:00:10]} a3 {[%clk 00:46:24]} {[%emt 00:00:07]} 46. f5 {[%clk
01:19:32]} {[%emt 00:00:50]} a2 {[%clk 00:46:35]} {[%emt 00:00:19]} 47. Ra6
{[%clk 01:19:05]} {[%emt 00:00:57]} gxf5 {[%clk 00:46:21]} {[%emt 00:00:44]}
48. gxf5 {[%clk 01:19:15]} {[%emt 00:00:20]} b3 {[%clk 00:46:43]} {[%emt
00:00:09]} 49. f6 {[%clk 01:19:23]} {[%emt 00:00:21]} Rf2 {[%clk 00:46:59]}
{[%emt 00:00:14]} 0-1